Sprivatizovali dlhy a pracovné sily Odpísaný rožňavský Gemtex kúpili potomkovia Viliama Tella

Podrobná bibliografia
Hlavný autor: Matejovič, Róbert, 1967- (Autor)
Médium: Článok
Jazyk:slovenčina
Fyzický popis:1 foto
Predmet:

MARC

LEADER 00000nab a2200000 a 4500
001 vtls001001733
003 SK-MaSNL
005 20260303184937.0
008 040720e19950000xo 0 slo
035 |a RV2333 
040 |a RVGKPD  |b slo  |c RVGKPD  |e AACR2 
041 0 |a slo 
044 |a xo  |c SK 
080 |a 687.2  |2 1981 
080 |a 687.31/.36  |2 1981 
100 1 |a Matejovič, Róbert,  |d 1967-  |4 aut  |9 9938 
245 1 0 |a Sprivatizovali dlhy a pracovné sily  |b Odpísaný rožňavský Gemtex kúpili potomkovia Viliama Tella 
300 |b 1 foto 
610 2 7 |a Gemtex (Rožňava, Slovensko)  |2 RVGKPD  |9 1024151 
650 0 7 |a privatizácia  |2 RVGKPD  |9 2343 
650 0 7 |a programy výrobné  |2 RVGKPD  |9 882782 
651 7 |a Rožňava (Slovensko)  |2 RVGKPD  |9 17394 
773 0 8 |t Slovenský profit  |g Roč. 3, č.33 (1995), s. 6 
852 |a ZVYKNI  |b KIS3GCP 
999 |c 2128985  |d 2130915